| 000 | 01054cad a22002535a 4500 | ||
|---|---|---|---|
| 001 | E150815 | ||
| 008 | 100907s2010 xxk s000 0 eng u | ||
| 020 | _a9780755995509 | ||
| 035 | _a(Sirsi) u150815 | ||
| 041 | _aeng | ||
| 050 | 0 | 4 | _a711.1 |
| 110 |
_aScotland _bScottish Government _95344 |
||
| 245 | 0 | 0 |
_aPlanning advice note PAN 2/2010 _baffordable housing and housing land audits _h[electronic resource] |
| 260 |
_aEdinburgh _bScottish Government _c2010 |
||
| 490 |
_aPlanning Advice Note _v(2/2010) |
||
| 520 | _aGives advice on the ways in which the planning system can assist with the Government's commitment to increase the supply of affordable housing. Sets out a range of approaches and discusses the types of affordable housing which are available. | ||
| 521 | _aAdvanced | ||
| 590 | _aKA | ||
| 650 | _aPAN2/2010 | ||
| 651 | 4 |
_aScotland _y1999- |
|
| 690 |
_aPlanning and development _96259 |
||
| 856 | 4 | 0 |
_uhttps://www.scotland.gov.uk/Publications/2010/08/31111624/0 _zView the PAN free of charge at www.scotland.gov.uk |
| 942 | _n0 | ||
| 999 |
_c110990 _d110990 |
||